000 00899cam a2200265 a 4500
999 _c28551
_d28551
001 4715359
005 20170308161348.0
008 831004s1984 nju b 000 0 eng
010 _a 83021262
020 _a0138079005 (pbk.) :
_c$5.95
020 _a0138079188 :
_c$12.95
040 _aDLC
_cDLC
_dDLC
050 0 0 _aPR2983.S44 1984
_b.S44 1984
082 0 0 _219
245 0 0 _aShakespeare, the tragedies :
_bnew perspectives /
_cedited by Robert B. Heilman.
260 _aEnglewood Cliffs, N.J. :
_bPrentice-Hall,
_cc1984.
300 _a243 p. ;
_c20 cm.
440 0 _aTwentieth century views
500 _a"A Spectrum book."
504 _aBibliography: p. 237-241.
600 1 0 _aShakespeare, William,
_d1564-1616
_xTragedies.
700 1 _aHeilman, Robert Bechtold,
_d1906-
906 _a7
_bcbc
_corignew
_d1
_eocip
_f19
_gy-gencatlg
942 _2lcc
_cBOOKS
_hPR2983.S44 1984